000 00588nam a2200205Ia 4500
003 GCL
008 140319s9999 xx 000 0 ara d
040 _aGCL /
_cGCL
082 0 4 _a646.74
_bن ج
100 1 _aنورا حلوانى
245 1 0 _aجمالك الكامل : VOGUE /
_cنورا حلوانى
300 _a216 ص
490 _aالهيئة العامة للاستعلامات
_v0
650 0 4 _aالمرأة
650 0 4 _aالجمال
650 0 4 _aمستحضرات التجميل
650 0 4 _aالمكياج
650 0 4 _aالمرأة - تجميل
942 _2ddc
_cBK
999 _c48361
_d48361